00348nam a2200121Ia 4500008004100000040001700041041001200058082001800070100001600088245005400104260005500158300001300213230917s9999||||xx |||||||||||||| ||und|| e119853aMAIN aEnglish a541.372 F221F aYoung, D. A 0aFaraday discussions of the chemical society No.64 aLondonbThe Faraday divison chemical societyc1977 a361p. p.